Brain teasers : (Record no. 117503)
[ view plain ]
| 000 -LEADER | |
|---|---|
| fixed length control field | 00455nam a2200157Ia 4500 |
| 008 - FIXED-LENGTH DATA ELEMENTS--GENERAL INFORMATION | |
| fixed length control field | 140527s9999 xx 000 0 und d |
| 020 ## - INTERNATIONAL STANDARD BOOK NUMBER | |
| International Standard Book Number | 9788120715127 |
| 050 ## - LIBRARY OF CONGRESS CALL NUMBER | |
| Classification number | GV 1493 |
| Item number | .M725 199 |
| 100 ## - MAIN ENTRY--PERSONAL NAME | |
| Personal name | Mohindra, Kamlesh |
| 245 ## - TITLE STATEMENT | |
| Title | Brain teasers : |
| Remainder of title | General Knowledge / |
| Statement of responsibility, etc | Kamlesh Mohindra. |
| 260 ## - PUBLICATION, DISTRIBUTION, ETC. (IMPRINT) | |
| Place of publication, distribution, etc | New Delhi, India : |
| Name of publisher, distributor, etc | Sterling Paperbacks, |
| Date of publication, distribution, etc | c1993. |
| 300 ## - PHYSICAL DESCRIPTION | |
| Extent | 103 p. : |
| Other physical details | ill. ; |
| Dimensions | 21 cm. |
| 521 ## - TARGET AUDIENCE NOTE | |
| Target audience note | |
| 942 ## - ADDED ENTRY ELEMENTS (KOHA) | |
| Call number prefix | Foreign |
| Koha item type | Books |
| Withdrawn status | Lost status | Source of classification or shelving scheme | Damaged status | Home library | Current library | Shelving location | Date acquired | Source of acquisition | Total Checkouts | Full call number | Barcode | Date last seen | Date checked out | Price effective from | Koha item type |
|---|---|---|---|---|---|---|---|---|---|---|---|---|---|---|---|
| Library of Congress Classification | College Library | College Library | General Circulation Section | 05/28/2014 | Donation | 1 | GV 1493 .M725 1993 | C18111 | 02/13/2020 | 02/13/2020 | 05/28/2014 | Books |